| Tag |
First Indicator |
Second Indicator |
Subfields |
| LEADER |
00000pam a2200000 a 4500 |
| 001 |
in00000072393 |
| 005 |
20160615135729.0 |
| 008 |
780802s1978 dcu b 00010 engm |
| 010 |
|
|
|a 78069781
|
| 020 |
|
|
|a 0912186275 :
|c $9.00
|
| 035 |
|
|
|a (OCoLC)04193122
|
| 035 |
|
|
|9 AAH7307AM
|
| 040 |
|
|
|a DLC
|c DLC
|d m.c.
|d TXA
|d UtOrBLW
|
| 049 |
|
|
|a TXAM
|c [1671866]
|
| 050 |
0 |
0 |
|a Z5333.O9
|b C53
|
| 050 |
0 |
0 |
|a QL696.S8
|
| 100 |
1 |
|
|a Clark, Richard J.,
|d 1938-
|
| 245 |
1 |
0 |
|a Working bibliography of owls of the world :
|b with summaries of current taxonomy and distributional status /
|c by Richard J. Clark, Dwight G. Smith, and Leon H. Kelso ; with a foreword by Kai Curry-Lindahl.
|
| 264 |
|
1 |
|a Washington, D.C. :
|b Raptor Information Center, National Wildlife Federation,
|c [1978]
|
| 264 |
|
4 |
|c ©1978
|
| 300 |
|
|
|a xvi, 319 pages ;
|c 28 cm.
|
| 336 |
|
|
|a text
|b txt
|2 rdacontent
|
| 337 |
|
|
|a unmediated
|b n
|2 rdamedia
|
| 338 |
|
|
|a volume
|b nc
|2 rdacarrier
|
| 490 |
1 |
|
|a NWF scientific/technical series ;
|v no. 1
|
| 500 |
|
|
|a "TXYH8."
|
| 650 |
|
0 |
|a Owls
|x Bibliography.
|
| 700 |
1 |
|
|a Smith, Dwight G.
|
| 700 |
1 |
|
|a Kelso, Leon H.
|q (Leon Hugh),
|d 1907-
|
| 740 |
0 |
|
|a Owls of the world.
|
| 830 |
|
0 |
|a National Wildlife Federation scientific & technical series ;
|v no. 1.
|
| 999 |
|
|
|a MARS
|
| 999 |
f |
f |
|s e017b59e-586a-3271-a28d-0f01df4c6965
|i b7171c6f-2f7d-30ce-962e-766b5f7cc8fb
|t 0
|
| 952 |
f |
f |
|p ric
|a Texas A&M University
|b Rellis Campus
|c Joint Library Facility
|d Remote Storage
|t 0
|e Z5333.O97 C53
|h Library of Congress classification
|i unmediated -- volume
|m A14806264764
|
| 998 |
f |
f |
|a Z5333.O97 C53
|t 0
|l Remote Storage
|